000 00378nam a22001217a 4500
008 231211b |||||||| |||| 00| 0 eng d
020 _a0-379-21228-5
100 _aSINNOTT, JOHN P.
245 _aA PRACTICAL GUIDE TO DOCUMENT AUTHENTICATION
_bLAGALIZATION OF NOTARIZED & CERTIFIED DOCUMENTS
260 _bOCEANA PUBLICATIONS
_c2005
300 _aXXII, 754P.
942 _2lcc
_cBK
999 _c208600
_d208600